Spoločenská zodpovednosť centrálnych bánk

Koncept spoločenskej zodpovednosti firiem v ekonomickej literatúre. Spoločenská a ekonomická zodpovednosť centrálnych bánk. Právna a etická zodpovednosť centrálnych bánk. Filantropická zodpovednosť centrálnych bánk.

Salvato in:
Dettagli Bibliografici
Autore principale: Lentner, Csaba
Altri autori: Szegedi, Krisztina, Tatay, Tibor, Machová, Renáta
Natura: Capitolo di libro
Lingua:slovacco
Soggetti:
Tags: Aggiungi Tag
Nessun Tag, puoi essere il primo ad aggiungerne!!

MARC

LEADER 00000naa a2200000 4500
001 0235564
005 20220805074228.6
041 0 |a slo 
044 |a SK 
245 1 0 |a Spoločenská zodpovednosť centrálnych bánk  |c Csaba Lentner, Krisztina Szegedi, Tibor Tatay, Renáta Machová 
520 |a Koncept spoločenskej zodpovednosti firiem v ekonomickej literatúre. Spoločenská a ekonomická zodpovednosť centrálnych bánk. Právna a etická zodpovednosť centrálnych bánk. Filantropická zodpovednosť centrálnych bánk. 
610 2 0 |a banky centrálne 
610 2 0 |a zodpovednosť právna 
610 2 0 |a zodpovednosť spoločenská 
610 2 0 |a prostredie podnikateľské 
610 2 0 |a stabilita finančná 
610 2 0 |a kódexy etické 
100 1 |a Lentner, Csaba 
700 1 |a Szegedi, Krisztina 
700 1 |a Tatay, Tibor 
700 1 |a Machová, Renáta